[Event "Dieren op"]
[Site "Dieren"]
[Date "2023.07.27"]
[Round "3"]
[White "Schuricht, Emil Frederick"]
[Black "Duijker, Rick"]
[Result "1/2-1/2"]
[WhiteElo "2018"]
[BlackElo "2198"]
[PlyCount "86"]
[EventDate "2023.07.25"]
[EventType "swiss"]
[EventRounds "9"]
[EventCountry "NED"]
[SourceTitle "CBM 215 Extra"]
[Source "ChessBase"]
[SourceDate "2023.09.30"]
[SourceVersion "1"]
[SourceVersionDate "2023.09.30"]
[SourceQuality "1"]

1. d4 Nf6 2. c4 c5 3. d5 b5 4. cxb5 a6 5. bxa6 g6 6. Nc3 Bg7 7. e4 0-0 8. Nf3 Qa5 9. Bd2 Bxa6 10. Be2 Bxe2 11. Qxe2 Qa6 12. e5 Ng4 13. Bf4 d6 14. Qxa6 Rxa6 15. exd6 exd6 16. 0-0 Nd7 17. a4 Rb8 18. Ra2 Nge5 19. Nxe5 Nxe5 20. Bxe5 Bxe5 21. Rfa1 Rb3 22. Kf1 Bxc3 23. bxc3 Rxc3 24. Rb2 Rc4 25. Rb8+ Kg7 26. Rc8 Rcxa4 27. Rxa4 Rxa4 28. Rc6 Kf6 29. Rxd6+ Ke5 30. Rd7 f5 31. Rxh7 Kxd5 32. Rh6 Ra6 33. h4 Re6 34. h5 gxh5 35. Rxh5 Ke4 36. Ke2 c4 37. Rh4+ Kd5+ 38. Kd2 Rg6 39. Rh5 Ke4 40. Rh4+ Kd5 41. Rh5 Rxg2 42. Rxf5+ Ke4 43. Rf8 Kd4 1/2-1/2

[Event "Dieren op"]
[Site "Dieren"]
[Date "2023.07.25"]
[Round "1"]
[White "Van Kuijk, Vadim"]
[Black "Duijker, Rick"]
[Result "1-0"]
[WhiteElo "1997"]
[BlackElo "2198"]
[PlyCount "73"]
[EventDate "2023.07.25"]
[EventType "swiss"]
[EventRounds "9"]
[EventCountry "NED"]
[SourceTitle "CBM 215 Extra"]
[Source "ChessBase"]
[SourceDate "2023.09.30"]
[SourceVersion "1"]
[SourceVersionDate "2023.09.30"]
[SourceQuality "1"]

1. e4 c5 2. Nf3 Nc6 3. d4 cxd4 4. Nxd4 e5 5. Nb5 a6 6. Nd6+ Bxd6 7. Qxd6 Qf6 8. Qd1 Qg6 9. Nc3 d5 10. Nxd5 Qxe4+ 11. Be3 Nd4 12. Nc7+ Ke7 13. Be2 Nxc2+ 14. Kf1 Nxe3+ 15. fxe3 Nf6 16. Nxa8 Rd8 17. Qb3 Nd5 18. Bf3 Nxe3+ 19. Ke2 Rd2+ 20. Kxd2 Nc4+ 21. Kd1 Qd4+ 22. Ke2 Qd2+ 23. Kf1 Bf5 24. Rd1 Ne3+ 25. Kg1 Nxd1 26. Qxd1 Qe3+ 27. Kf1 Bd3+ 28. Be2 Bxe2+ 29. Qxe2 Qc1+ 30. Qe1 Qc4+ 31. Kf2 Qc2+ 32. Ke3 f5 33. Qb4+ Kf6 34. Qd6+ Kg5 35. h4+ Kg4 36. Qxe5 Qxg2 37. Qxg7+ 1-0

[Event "Wijk Cultural Village 20th"]
[Site "Wijk aan Zee"]
[Date "2015.11.25"]
[Round "9"]
[White "Kevlishvili, Robby"]
[Black "Duijker, Rick"]
[Result "1-0"]
[WhiteElo "2354"]
[BlackElo "2291"]
[PlyCount "105"]
[EventDate "2015.11.16"]
[EventType "tourn"]
[EventRounds "9"]
[EventCountry "NED"]
[EventCategory "7"]
[SourceTitle "CBM 169 Extra"]
[Source "ChessBase"]
[SourceDate "2015.12.18"]
[SourceVersion "1"]
[SourceVersionDate "2015.12.18"]
[SourceQuality "1"]

1. e4 c5 2. Nf3 Nc6 3. d4 cxd4 4. Nxd4 e5 5. Nb5 a6 6. Nd6+ Bxd6 7. Qxd6 Qf6 8. Qxf6 Nxf6 9. Nc3 Nb4 10. Kd2 d6 11. b3 Be6 12. Ba3 a5 13. Re1 Rc8 14. Bb2 Ke7 15. a3 Nc6 16. Kc1 Rhd8 17. Kb1 d5 18. exd5 Nxd5 19. Na4 Bf5 20. Bc4 b5 21. Bxb5 Bxc2+ 22. Kxc2 Nd4+ 23. Kb1 Nxb5 24. Rxe5+ Kf8 25. Rxd5 Rxd5 26. Nb6 Rcd8 27. Nxd5 Rxd5 28. Rc1 Nd6 29. Rc2 h5 30. Bc1 Ke7 31. Rd2 Rb5 32. Ka2 Rc5 33. Bb2 g5 34. b4 axb4 35. axb4 Rc4 36. Kb3 Rh4 37. h3 g4 38. hxg4 Rxg4 39. f3 Rg8 40. Bd4 Nf5 41. Bc5+ Ke6 42. b5 Nh4 43. b6 Nxg2 44. Bd6 Ne1 45. b7 Nxf3 46. Rd1 h4 47. Bc7 h3 48. Bd8 Nd4+ 49. Rxd4 Rg1 50. Kc2 Rg2+ 51. Kc3 h2 52. b8Q h1N 53. Qd6+ 1-0

[Event "Wijk Cultural Village 20th"]
[Site "Wijk aan Zee"]
[Date "2015.11.19"]
[Round "4"]
[White "Duijker, Rick"]
[Black "Kerigan, Demre"]
[Result "1/2-1/2"]
[WhiteElo "2291"]
[BlackElo "2388"]
[PlyCount "89"]
[EventDate "2015.11.16"]
[EventType "tourn"]
[EventRounds "9"]
[EventCountry "NED"]
[EventCategory "7"]
[SourceTitle "CBM 169 Extra"]
[Source "ChessBase"]
[SourceDate "2015.12.18"]
[SourceVersion "1"]
[SourceVersionDate "2015.12.18"]
[SourceQuality "1"]

1. c4 g6 2. Nc3 Bg7 3. g3 Nf6 4. Bg2 d6 5. Nf3 0-0 6. 0-0 e5 7. d3 Re8 8. Rb1 c6 9. Bg5 Nbd7 10. Qc1 a5 11. b3 Nc5 12. a3 Ne6 13. Bh6 Bxh6 14. Qxh6 Ng4 15. Qd2 f5 16. b4 axb4 17. axb4 Nd4 18. e3 Nxf3+ 19. Bxf3 Qg5 20. Ra1 Be6 21. Qe2 e4 22. Bxg4 exd3 23. Qxd3 Qxg4 24. Qxd6 Qxc4 25. Qc5 Red8 26. Rfd1 Qxc5 27. bxc5 Rxd1+ 28. Rxd1 Ra5 29. Rd8+ Kg7 30. Rb8 Rxc5 31. Rxb7+ Kf6 32. Ne2 Bd5 33. Rb1 Rc2 34. Nd4 Ra2 35. Rc1 c5 36. Nb5 Bf3 37. Nc3 Rd2 38. Kf1 Ke6 39. Ke1 Rb2 40. Na4 Re2+ 41. Kf1 c4 42. Rxc4 Ra2 43. Nc5+ Kf6 44. Rc1 Kg5 45. h3 1/2-1/2

[Event "Leiden op-A 8th"]
[Site "Leiden"]
[Date "2014.07.12"]
[Round "2"]
[White "Nguyen, Kim David"]
[Black "Duijker, Rick"]
[Result "0-1"]
[WhiteElo "2118"]
[BlackElo "2256"]
[PlyCount "78"]
[EventDate "2014.07.11"]
[EventType "swiss"]
[EventRounds "9"]
[EventCountry "NED"]
[SourceTitle "CBM 161 Extra"]
[Source "ChessBase"]
[SourceDate "2014.08.29"]
[SourceVersion "1"]
[SourceVersionDate "2014.08.29"]
[SourceQuality "1"]

1. e4 e6 2. d4 d5 3. Nd2 a5 4. c3 a4 5. Bd3 c5 6. Ne2 Nc6 7. Nf3 dxe4 8. Bxe4 Nf6 9. Bc2 cxd4 10. Nexd4 Nxd4 11. Nxd4 Bd7 12. 0-0 Bc5 13. Bg5 Qb6 14. Qf3 Bxd4 15. cxd4 Bc6 16. Qc3 Nd5 17. Qg3 Qxb2 18. Be4 Qxd4 19. Bxd5 Qxd5 20. Rfd1 Qf5 21. Bc1 0-0 22. Bb2 f6 23. a3 Rad8 24. Bc3 Qc2 25. Rdc1 Qe4 26. Re1 Qd5 27. Qg4 e5 28. Bb4 Rfe8 29. Rad1 Qf7 30. Rc1 Rd4 31. Qg3 Red8 32. h3 Rd3 33. Re3 Rb3 34. Rec3 g5 35. Qe3 Qd5 36. Qg3 Kg7 37. f3 h5 38. Qf2 Qd4 39. Bc5 Rxc3 0-1

[Event "Wijk Cultural Village"]
[Site "Wijk aan Zee"]
[Date "2013.11.30"]
[Round "1"]
[White "Duijker, Rick"]
[Black "Ris, Robert"]
[Result "1-0"]
[WhiteElo "2251"]
[BlackElo "2416"]
[PlyCount "75"]
[EventDate "2013.11.30"]
[EventType "tourn (rapid)"]
[EventRounds "9"]
[EventCountry "NED"]
[EventCategory "4"]
[SourceTitle "CBM 157 Extra"]
[Source "ChessBase"]
[SourceDate "2013.12.19"]
[SourceVersion "1"]
[SourceVersionDate "2013.12.19"]
[SourceQuality "1"]

1. d4 Nf6 2. Bg5 d5 3. Bxf6 exf6 4. e3 Bd6 5. g3 c6 6. Bg2 f5 7. Ne2 Nd7 8. Nd2 Nf6 9. a3 0-0 10. 0-0 Be6 11. c4 Re8 12. cxd5 Bxd5 13. Nc3 Bxg2 14. Kxg2 c5 15. dxc5 Bxc5 16. Nb3 Bf8 17. Qf3 Qb6 18. Nd4 g6 19. b4 Ne4 20. Nxe4 fxe4 21. Qe2 Bg7 22. Rad1 Rad8 23. Nb3 h5 24. h4 Qc7 25. Rxd8 Rxd8 26. Rc1 Qe7 27. Qc4 b6 28. Rc2 Rd3 29. Nd2 Rxa3 30. Nxe4 Be5 31. Qd5 a5 32. Rc8+ Kg7 33. Qa8 axb4 34. Rg8+ Kh7 35. Qc8 Bf6 36. Re8 b3 37. Rxe7 Bxe7 38. Qe8 1-0

[Event "Wijk Cultural Village"]
[Site "Wijk aan Zee"]
[Date "2013.11.30"]
[Round "4"]
[White "Duijker, Rick"]
[Black "Van Delft, Merijn"]
[Result "1/2-1/2"]
[WhiteElo "2251"]
[BlackElo "2424"]
[PlyCount "40"]
[EventDate "2013.11.30"]
[EventType "tourn (rapid)"]
[EventRounds "9"]
[EventCountry "NED"]
[EventCategory "4"]
[SourceTitle "CBM 157 Extra"]
[Source "ChessBase"]
[SourceDate "2013.12.19"]
[SourceVersion "1"]
[SourceVersionDate "2013.12.19"]
[SourceQuality "1"]

1. d4 d5 2. Bg5 h6 3. Bh4 c6 4. e3 Qb6 5. Qc1 e5 6. Nf3 exd4 7. exd4 Be7 8. Bxe7 Nxe7 9. Bd3 0-0 10. 0-0 Bf5 11. Bxf5 Nxf5 12. c3 Nd6 13. Nbd2 Nd7 14. Re1 Rfe8 15. Qc2 Nf8 16. Ne5 Re6 17. Re3 Rae8 18. Rae1 f6 19. Ng4 Rxe3 20. Rxe3 Rxe3 1/2-1/2

[Event "Wijk Cultural Village"]
[Site "Wijk aan Zee"]
[Date "2013.11.30"]
[Round "5"]
[White "Klein, David"]
[Black "Duijker, Rick"]
[Result "1-0"]
[WhiteElo "2489"]
[BlackElo "2251"]
[PlyCount "121"]
[EventDate "2013.11.30"]
[EventType "tourn (rapid)"]
[EventRounds "9"]
[EventCountry "NED"]
[EventCategory "4"]
[SourceTitle "CBM 157 Extra"]
[Source "ChessBase"]
[SourceDate "2013.12.19"]
[SourceVersion "1"]
[SourceVersionDate "2013.12.19"]
[SourceQuality "1"]

1. e4 c5 2. Nf3 Nc6 3. Bb5 Na5 4. c3 a6 5. Ba4 b5 6. Bc2 Bb7 7. 0-0 e6 8. d4 cxd4 9. cxd4 Rc8 10. Nbd2 Nf6 11. Re1 Be7 12. Bd3 0-0 13. Nf1 Nc4 14. Ng3 d6 15. b3 Nb6 16. Bd2 Nbd7 17. Qe2 d5 18. e5 Ne4 19. Nxe4 dxe4 20. Bxe4 Bxe4 21. Qxe4 Nb6 22. Ba5 Rb8 23. Rac1 Qd7 24. Bxb6 Rxb6 25. Rc2 f5 26. exf6 Bxf6 27. Rec1 Rd8 28. g3 Rd6 29. Rc7 Qe8 30. R1c6 a5 31. Kg2 a4 32. Rxd6 Rxd6 33. Qb7 Rd8 34. Rc5 axb3 35. axb3 Rb8 36. Qe4 Qd7 37. Qc6 Qxc6 38. Rxc6 Rd8 39. Rb6 Rd5 40. Rxe6 Bxd4 41. Re8+ Kf7 42. Rb8 Bf6 43. h4 h5 44. Ng1 Bc3 45. Ne2 b4 46. Rc8 Rd2 47. Nxc3 bxc3 48. Rxc3 Rb2 49. Rc5 Rxb3 50. Rxh5 Kg6 51. Rg5+ Kh6 52. Rg4 g6 53. Rf4 Kh5 54. Rc4 Rb2 55. Rc5+ Kh6 56. g4 Rb3 57. f3 Ra3 58. Kg3 Rb3 59. Rc6 Kh7 60. Rc7+ Kh6 61. g5+ 1-0

[Event "Terre degli Elimi op 4th"]
[Site "Erice"]
[Date "2013.07.27"]
[Round "6"]
[White "Savalla, Pietro"]
[Black "Duijker, Rick"]
[Result "0-1"]
[WhiteElo "1909"]
[BlackElo "2258"]
[PlyCount "90"]
[EventDate "2013.07.24"]
[EventType "swiss"]
[EventRounds "7"]
[EventCountry "ITA"]
[SourceTitle "EXT 2015"]
[Source "ChessBase"]
[SourceDate "2014.11.20"]
[SourceVersion "1"]
[SourceVersionDate "2014.11.20"]
[SourceQuality "1"]

1. d4 Nf6 2. Nf3 g6 3. Nbd2 Bg7 4. e4 d6 5. Bd3 0-0 6. 0-0 Nbd7 7. c3 e5 8. dxe5 dxe5 9. Qe2 Qe7 10. Bc2 Nh5 11. Nb3 a5 12. a4 b6 13. Rd1 Re8 14. Bd3 Bb7 15. Bc4 h6 16. Ne1 Nf8 17. f3 g5 18. g3 Nf6 19. h3 Rad8 20. Be3 Ng6 21. Ng2 Bc8 22. Kh2 Nh7 23. Rxd8 Rxd8 24. Rd1 Rd7 25. Nc1 h5 26. g4 Nf4 27. Nxf4 gxf4 28. Bf2 Bf6 29. Rxd7 Bxd7 30. b3 Bh4 31. Qe1 Bxf2 32. Qxf2 hxg4 33. hxg4 Ng5 34. Ne2 Qd6 35. Ng1 Kg7 36. Kg2 Qd1 37. Qe2 Qc1 38. Qd3 Qb2+ 39. Kf1 Be6 40. Bxe6 Nxe6 41. c4 Nd4 42. Ke1 Qg2 43. Ne2 Nxf3+ 44. Kd1 Qf1+ 45. Kc2 Ne1+ 0-1

[Event "Groningen op-A 50th"]
[Site "Groningen"]
[Date "2012.12.30"]
[Round "9"]
[White "Dijkhuis, Tycho"]
[Black "Duijker, Rick"]
[Result "1/2-1/2"]
[WhiteElo "2062"]
[BlackElo "2242"]
[PlyCount "85"]
[EventDate "2012.12.21"]
[EventType "swiss"]
[EventRounds "9"]
[EventCountry "NED"]
[SourceTitle "CBM 152 Extra"]
[Source "ChessBase"]
[SourceDate "2013.02.25"]
[SourceVersion "1"]
[SourceVersionDate "2013.02.25"]
[SourceQuality "1"]

1. e4 e5 2. Nf3 Nc6 3. Bb5 Nf6 4. 0-0 Nxe4 5. d4 Nd6 6. Bxc6 dxc6 7. dxe5 Nf5 8. Qxd8+ Kxd8 9. Nc3 h6 10. h3 Bd7 11. b3 Kc8 12. Bb2 b6 13. Rad1 Ne7 14. Ne2 a5 15. a4 c5 16. c4 Bc6 17. Rd3 Ng6 18. h4 Be7 19. h5 Nf8 20. Nf4 Ne6 21. Nxe6 fxe6 22. Rfd1 Kb7 23. Kf1 Raf8 24. Ke2 Rf5 25. g4 Rf4 26. Rg1 Rhf8 27. Rg3 Bh4 28. Rh3 Bg5 29. Rg3 Re4+ 30. Kf1 Ref4 31. Ke2 Kc8 32. Ba1 Re4+ 33. Kf1 Ref4 34. Ke2 Be4 35. Rc3 Bb1 36. Bb2 Re4+ 37. Kf1 Ref4 38. Ke2 Kd7 39. Bc1 Re4+ 40. Be3 Bf4 41. Rg1 Bxe3 42. Rxe3 Rxe3+ 43. Kxe3 1/2-1/2

[Event "Groningen op-A 50th"]
[Site "Groningen"]
[Date "2012.12.23"]
[Round "3"]
[White "Drozdowski, Kacper"]
[Black "Duijker, Rick"]
[Result "1-0"]
[WhiteElo "2426"]
[BlackElo "2242"]
[PlyCount "113"]
[EventDate "2012.12.21"]
[EventType "swiss"]
[EventRounds "9"]
[EventCountry "NED"]
[SourceTitle "CBM 152 Extra"]
[Source "ChessBase"]
[SourceDate "2013.02.25"]
[SourceVersion "1"]
[SourceVersionDate "2013.02.25"]
[SourceQuality "1"]

1. d4 Nf6 2. Nf3 b5 3. Bg5 Bb7 4. Nbd2 a6 5. Bxf6 gxf6 6. e4 Rg8 7. a4 b4 8. g3 e6 9. Bg2 c5 10. d5 exd5 11. Nh4 d4 12. 0-0 Nc6 13. Nf5 Qc7 14. Qh5 h6 15. f4 Ne7 16. Nxh6 Bxh6 17. Qxh6 a5 18. Qxf6 Ra6 19. Qe5 Qxe5 20. fxe5 Re6 21. Nb3 Rxe5 22. Nxa5 Ba6 23. Rf6 Rg6 24. Rxg6 Nxg6 25. Bf1 Bxf1 26. Kxf1 Kd8 27. Nc4 Rxe4 28. Re1 Rxe1+ 29. Kxe1 Kc7 30. h4 d5 31. Nd2 Ne5 32. h5 c4 33. h6 d3 34. Kd1 dxc2+ 35. Kxc2 Kb6 36. h7 Ng6 37. Nf3 b3+ 38. Kc3 Ka5 39. Ne5 Nh8 40. Nd7 Kxa4 41. Nb6+ Kb5 42. Nxd5 Kc5 43. Ne3 Ng6 44. Nxc4 Kd5 45. Kxb3 Ke6 46. Ka4 Kf6 47. b4 Kg7 48. b5 Nf8 49. b6 Nd7 50. Kb5 Kxh7 51. b7 f6 52. Kc6 Nb8+ 53. Kd6 Kg6 54. Na5 Kg5 55. Nc6 Na6 56. Nb4 Nxb4 57. b8Q 1-0

[Event "Groningen op-A 50th"]
[Site "Groningen"]
[Date "2012.12.22"]
[Round "2"]
[White "Duijker, Rick"]
[Black "Beerdsen, Thomas"]
[Result "1-0"]
[WhiteElo "2242"]
[BlackElo "2076"]
[PlyCount "67"]
[EventDate "2012.12.21"]
[EventType "swiss"]
[EventRounds "9"]
[EventCountry "NED"]
[SourceTitle "CBM 152 Extra"]
[Source "ChessBase"]
[SourceDate "2013.02.25"]
[SourceVersion "1"]
[SourceVersionDate "2013.02.25"]
[SourceQuality "1"]

1. d4 d5 2. Bg5 Nf6 3. Bxf6 exf6 4. e3 Bd6 5. g3 0-0 6. Bg2 c6 7. Ne2 Qb6 8. b3 Qa6 9. 0-0 Bf5 10. Re1 Nd7 11. a3 Rfe8 12. Nd2 Nb6 13. Bf1 Nc8 14. c4 Bd3 15. Nc3 Bxf1 16. Rxf1 Ne7 17. cxd5 cxd5 18. b4 Rac8 19. Qb3 Qd3 20. Nxd5 Qxb3 21. Nxe7+ Rxe7 22. Nxb3 Rec7 23. Rfc1 Rc2 24. Rxc2 Rxc2 25. Rc1 Rxc1+ 26. Nxc1 a5 27. bxa5 Bxa3 28. Nd3 Kf8 29. Nc5 Ke7 30. Nxb7 Kd7 31. a6 Kc7 32. Na5 Kb8 33. Nc6+ Kc7 34. a7 1-0

[Event "Groningen op-A 50th"]
[Site "Groningen"]
[Date "2012.12.21"]
[Round "1"]
[White "Ernst, Sipke"]
[Black "Duijker, Rick"]
[Result "1-0"]
[WhiteElo "2562"]
[BlackElo "2242"]
[PlyCount "61"]
[EventDate "2012.12.21"]
[EventType "swiss"]
[EventRounds "9"]
[EventCountry "NED"]
[SourceTitle "CBM 152 Extra"]
[Source "ChessBase"]
[SourceDate "2013.02.25"]
[SourceVersion "1"]
[SourceVersionDate "2013.02.25"]
[SourceQuality "1"]

1. d4 Nf6 2. Nf3 e6 3. c4 Bb4+ 4. Nc3 d5 5. g3 c5 6. Bg2 Nc6 7. 0-0 dxc4 8. dxc5 Qxd1 9. Rxd1 Bxc3 10. bxc3 Ne4 11. Bb2 Nxc5 12. Nd2 Na4 13. Ba3 Nxc3 14. Nxc4 Nxd1 15. Rxd1 Bd7 16. Nd6+ Kd8 17. Nxf7+ Kc7 18. Bd6+ Kb6 19. Bf4 e5 20. Rxd7 exf4 21. Nxh8 Rxh8 22. gxf4 g6 23. e3 a5 24. a4 h6 25. h4 Rb8 26. Rd6 Kc5 27. Rd5+ Kb4 28. Rb5+ Kxa4 29. Bxc6 Rc8 30. Bd7 Rc1+ 31. Kg2 1-0

[Event "Vlissingen HZ op 16th"]
[Site "Vlissingen"]
[Date "2012.08.11"]
[Round "9"]
[White "Haimovich, Tal"]
[Black "Duijker, Rick"]
[Result "0-1"]
[WhiteElo "2388"]
[BlackElo "2219"]
[PlyCount "148"]
[EventDate "2012.08.04"]
[EventType "swiss"]
[EventRounds "9"]
[EventCountry "NED"]
[SourceTitle "CBM 149 Extra"]
[Source "ChessBase"]
[SourceDate "2012.08.24"]
[SourceVersion "1"]
[SourceVersionDate "2012.08.24"]
[SourceQuality "1"]

1. e4 e6 2. d4 d5 3. Nc3 Bb4 4. e5 c5 5. Bd2 Ne7 6. a3 Bxc3 7. Bxc3 Nbc6 8. Nf3 cxd4 9. Nxd4 0-0 10. Qh5 Nxd4 11. Bxd4 Nf5 12. 0-0-0 Bd7 13. Bd3 Qh4 14. Qxh4 Nxh4 15. g3 Nf3 16. Bc5 Rfc8 17. Bd6 Ba4 18. Kb1 f6 19. exf6 gxf6 20. b3 Be8 21. Kb2 Bg6 22. Bf4 Rc6 23. Bxg6 hxg6 24. Rd3 Ne5 25. Bxe5 fxe5 26. f3 Rac8 27. c3 Kf7 28. Re1 Kf6 29. Re2 Rh8 30. a4 a5 31. h4 Rh5 32. Rh2 Rf5 33. Rc2 Ke7 34. c4 Kd6 35. Rcd2 Rc5 36. Re2 Rc7 37. Ka3 b6 38. Red2 Rc5 39. Kb2 Rh5 40. Re2 g5 41. hxg5 Rxg5 42. g4 Rc8 43. Rh2 Rg6 44. Rh5 Rf8 45. Re3 e4 46. fxe4 d4 47. Rg3 Rf2+ 48. Kc1 e5 49. Kd1 Rf4 50. Rh8 Rgxg4 51. Rd8+ Kc7 52. Rxg4 Rxg4 53. Rd5 Rxe4 54. c5 Re3 55. cxb6+ Kxb6 56. Kc2 Rc3+ 57. Kd2 Rc5 58. Rd8 Kc6 59. Rc8+ Kd5 60. Rd8+ Ke4 61. Rb8 Rc3 62. b4 axb4 63. Rxb4 Rh3 64. a5 Rh2+ 65. Kc1 Ke3 66. Ra4 d3 67. Ra3 Rc2+ 68. Kd1 Rh2 69. Kc1 Rh1+ 70. Kb2 Ke2 71. a6 d2 72. a7 d1Q 73. a8Q Qb1+ 74. Kc3 Rc1# 0-1

[Event "Groningen op-A 48th"]
[Site "Groningen"]
[Date "2011.12.27"]
[Round "6"]
[White "Afek, Yochanan"]
[Black "Duijker, Rick"]
[Result "0-1"]
[WhiteElo "2301"]
[BlackElo "2204"]
[PlyCount "108"]
[EventDate "2011.12.21"]
[EventType "swiss"]
[EventRounds "9"]
[EventCountry "NED"]
[SourceTitle "CBM 146 Extra"]
[Source "ChessBase"]
[SourceDate "2012.02.29"]
[SourceVersion "1"]
[SourceVersionDate "2012.02.29"]
[SourceQuality "1"]

1. e4 e6 2. d4 d5 3. e5 c5 4. c3 Nc6 5. Nf3 Bd7 6. a3 f6 7. Bd3 fxe5 8. Nxe5 Nxe5 9. dxe5 Ne7 10. 0-0 Qc7 11. f4 0-0-0 12. b4 g5 13. fxg5 Ng6 14. Bxg6 hxg6 15. Rf7 d4 16. cxd4 cxd4 17. Bf4 Qb6 18. Nd2 d3+ 19. Kh1 Be8 20. Rf6 Be7 21. Qe1 Qd4 22. Rc1+ Kb8 23. Be3 Qd5 24. Rf3 Bc6 25. Qg1 Rh4 26. Bxa7+ Ka8 27. Bf2 Rg4 28. Bg3 Bxg5 29. Rc5 Qd4 30. Bf2 Qb2 31. Ra5+ Kb8 32. Ba7+ Kc8 33. Be3 Bxf3 34. Ra8+ Kd7 35. Rxd8+ Bxd8 36. Nxf3 Bc7 37. h3 Rc4 38. Bd2 Bxe5 39. Qf1 Qa1 40. Nxe5+ Qxe5 41. Qxd3+ Rd4 42. Qc2 Qd6 43. Be1 Rd1 44. Qe2 Qd3 45. Qf2 Qf5 46. Qe2 Qh5 47. Qe4 Kd6 48. Kh2 Qd5 49. Bg3+ Kc6 50. Qxg6 Kb5 51. Qg7 Rd2 52. Bf4 Re2 53. Qg4 Qe4 54. Qg8 Qxf4+ 0-1

[Event "Groningen op-A 48th"]
[Site "Groningen"]
[Date "2011.12.22"]
[Round "2"]
[White "Duijker, Rick"]
[Black "Michiels, Bart"]
[Result "0-1"]
[WhiteElo "2204"]
[BlackElo "2492"]
[PlyCount "46"]
[EventDate "2011.12.21"]
[EventType "swiss"]
[EventRounds "9"]
[EventCountry "NED"]
[SourceTitle "CBM 146 Extra"]
[Source "ChessBase"]
[SourceDate "2012.02.29"]
[SourceVersion "1"]
[SourceVersionDate "2012.02.29"]
[SourceQuality "1"]

1. e4 c5 2. Nf3 Nc6 3. Bb5 g6 4. Bxc6 bxc6 5. 0-0 Bg7 6. d3 d6 7. h3 Nh6 8. Nc3 0-0 9. Qe2 e5 10. Nd1 f5 11. Bg5 Qc7 12. Bxh6 Bxh6 13. Ne1 Be6 14. b3 Qd7 15. f3 Bf4 16. g4 Qg7 17. Ng2 Bg3 18. Nge3 Qh6 19. Qg2 Qh4 20. Nc3 Bf4 21. Nc4 d5 22. gxf5 Bxf5 23. exf5 Rxf5 0-1

[Event "Hoogeveen Unive op 15th"]
[Site "Hoogeveen"]
[Date "2011.10.21"]
[Round "8"]
[White "Sekandar, Kambiz"]
[Black "Duijker, Rick"]
[Result "0-1"]
[WhiteElo "1922"]
[BlackElo "2214"]
[PlyCount "112"]
[EventDate "2011.10.14"]
[EventType "swiss"]
[EventRounds "9"]
[EventCountry "NED"]
[SourceTitle "CBM 144 Extra"]
[Source "ChessBase"]
[SourceDate "2011.10.28"]
[SourceVersion "1"]
[SourceVersionDate "2011.10.28"]
[SourceQuality "1"]

1. e4 c5 2. c3 d6 3. d4 Nf6 4. Bd3 cxd4 5. cxd4 g6 6. Ne2 Bg7 7. 0-0 0-0 8. Nbc3 Nc6 9. Be3 Ng4 10. Bg5 h6 11. Bh4 Nxd4 12. Nxd4 Bxd4 13. Be2 Bf6 14. Bg3 Ne5 15. f4 Nc6 16. f5 Qb6+ 17. Kh1 Qxb2 18. e5 Bxe5 19. Bxe5 dxe5 20. fxg6 Qxc3 21. gxf7+ Kh8 22. Qb1 Qd2 23. Qe4 Qg5 24. Rf3 Nd4 25. Bd3 Bf5 26. Qxe5+ Qf6 27. Rxf5 Nxf5 28. Qxf6+ exf6 29. Bxf5 Rxf7 30. h3 Kg7 31. Rd1 Re7 32. Bg4 Rae8 33. Kh2 Re5 34. Bf3 R8e7 35. Rd2 f5 36. Kg3 b6 37. Kf4 Kf6 38. Rd6+ R7e6 39. Rd7 Ra5 40. Rd2 Ra4+ 41. Kg3 Kg5 42. Rc2 f4+ 43. Kh2 Kf6 44. h4 Rd4 45. Kh3 a5 46. Kg4 a4 47. Rb2 Red6 48. Kh5 Rd2 49. Rb4 Rxa2 50. Kxh6 a3 51. h5 Kf5+ 52. Kg7 Rb2 53. Ra4 Rd7+ 54. Kg8 Rd8+ 55. Kg7 Rbd2 56. Bc6 Rc8 0-1